Royal Institution of Chartered Surveyors Royal Charter (Record no. 121294)
[ view plain ]
| 000 -LEADER | |
|---|---|
| fixed length control field | 00660cam a22001815a 4500 |
| 001 - CONTROL NUMBER | |
| control field | 121293 |
| 008 - FIXED-LENGTH DATA ELEMENTS--GENERAL INFORMATION | |
| fixed length control field | 221229s2020 xxk fo 001 0 eng d |
| 041 0# - LANGUAGE CODE | |
| Language code of text/sound track or separate title | eng |
| 110 2# - MAIN ENTRY--CORPORATE NAME | |
| Corporate author | Royal Institution of Chartered Surveyors |
| 245 00 - TITLE STATEMENT | |
| Title | Royal Institution of Chartered Surveyors Royal Charter |
| Subtitle | updated February 2020 |
| Medium | [Electronic resource] |
| 260 ## - PUBLICATION INFORMATION | |
| Place of publication | London, |
| Publisher | RICS, |
| Date | 2020 |
| 300 ## - PHYSICAL DESCRIPTION | |
| Physical description | 8p |
| 520 ## - ABSTRACT | |
| Abstract | Supplemental Charter of the Royal Institution of Chartered Surveyors |
| 650 ## - KEYWORDS | |
| Keywords | CHARTER |
| 651 #4 - SUBJECT ADDED ENTRY--GEOGRAPHIC NAME | |
| Geographic name | United Kingdom |
| 856 41 - ONLINE RESOURCE | |
| Uniform Resource Identifier | <a href="https://www.rics.org/globalassets/rics-website/media/governance/royal-charter">https://www.rics.org/globalassets/rics-website/media/governance/royal-charter</a> |
| Public note | Available on RICS.org |
| 942 ## - ADDED ENTRY ELEMENTS (KOHA) | |
| Suppress in OPAC | Do not suppress in OPAC |
| Lost status | Damaged status | Not for loan | Home library | Current library | Shelving location | Date acquired | Total Checkouts | Date last seen | Price effective from | Koha item type |
|---|---|---|---|---|---|---|---|---|---|---|
| Virtual | Virtual | Online | 29/12/2022 | 29/12/2022 | 29/12/2022 | Online material |